000 01324cam a2200289 4500
001 J122779
008 000000n2003 000 0 eng u
035 _a(Sirsi) u122779
041 _aeng
050 _a692.21
_c18
110 _aOccupational Safety and Health Administration
_94471
245 _aDesign and construction requirements for exit routes
260 _aWashington D.C.
_cOSHA
_c2003
520 _aFactsheet by the US Department of Labor Occupational Safely and Health Administration explaining the requirements for emergency exit procedures in theworkplace. The document describes exit routes and how many there should be. It also provides information designing exit routes that will ensure safe evacuation for all workers. View at www.osha.gov.
650 _aMEANS OF ESCAPE
650 _aFIRE SAFETY ENGINEERING
650 _aFIRE RISK ASSESSMENT
650 _aMANAGEMENT-HEALTH AND SAFETY-FIRE SAFETY
650 _aBUILT ENVIRONMENT-CONSTRUCTION DESIGN
650 _aBUILDING REGULATIONS
_96224
650 _aBUILDING CONTROL
_96222
650 _aSTATUTORY REQUIREMENTS
650 _aUNITED STATES
690 _aBUILT ENVIRONMENT-BUILDING STANDARDS
856 _uhttps://www.osha.gov/SLTC/etools/evacuation/egress_construction.html
_vView the guidance on the OSHA website...
942 _n0
999 _c102927
_d102927